Kombinované vinuté dózy

Kombinované vinuté dózy, tzv. kombidózy - uzavierateľné obaly menších objemov vhodné pre sypké a kusové výrobky. História výroby kombidóz. Vlastnosti a aplikácia kombidóz. Rôzne typy kombidóz. Technológia výroby a používané materiály.

Salvato in:
Dettagli Bibliografici
Autore principale: Vítek, Miloslav
Natura: Capitolo di libro
Lingua:ceco
Soggetti:
Tags: Aggiungi Tag
Nessun Tag, puoi essere il primo ad aggiungerne!!

MARC

LEADER 00000naa a2200000 4500
001 0121520
005 20231129095620.7
041 0 |a cze 
044 |a CZ 
245 1 0 |a Kombinované vinuté dózy  |c Miloslav Vítek 
520 |a Kombinované vinuté dózy, tzv. kombidózy - uzavierateľné obaly menších objemov vhodné pre sypké a kusové výrobky. História výroby kombidóz. Vlastnosti a aplikácia kombidóz. Rôzne typy kombidóz. Technológia výroby a používané materiály. 
610 2 0 |a obaly 
610 2 0 |a balenie 
610 2 0 |a technika obalová 
610 2 0 |a produkty 
610 2 0 |a výrobky 
610 2 0 |a výroba 
100 1 |a Vítek, Miloslav